| 000 | 00469nam a22001695i 4500 | ||
|---|---|---|---|
| 001 | 48272 | ||
| 003 | ES-MaACL | ||
| 005 | 20230906161725.0 | ||
| 007 | t| | ||
| 008 | 950710s1894 it ||||1| ita d | ||
| 040 |
_aCAM _bspa _cCAM |
||
| 100 | 1 |
_aChimenti, Pietro. _938524 |
|
| 245 | 1 | 3 |
_aIl diritto de proprietá nello stato costituzionale / _cPietro Chimenti. |
| 260 |
_aTorino : _bL. Roux e C., _c1894. |
||
| 300 |
_a197 p. ; _c22 cm. |
||
| 852 |
_aES-MaACL _jF-7869 |
||
| 999 |
_c48272 _d48272 |
||